000 00734cam a2200265 4500
001 J2764
008 090401t1995 xxu||||| |||| 00| 0 eng d
035 _a(Sirsi) u51095
041 _aeng
050 _a333.337
110 _aGrimley J R Eve
_9610
245 _aSurvey of property confidence and future requirements. - Winter 1994/1995
260 _aLondon
_bGrimley J R Eve
_c1995
300 _a(6)p. ; 30cm.
350 _a0
650 _aCOMPANIES
650 _aOCCUPIERS REQUIREMENTS
650 _aPROPERTY ASSETS
650 _aPROPERTY CONFIDENCE
650 _aPROPERTY HOLDINGS
690 _aPROPERTY-COMMERCIAL PROPERTY
710 _aConfederation of British Industry
_9414
942 _n0
948 _c04/03/1997
999 _c92816
_d92816